00913nam a22002177a 4500003000900000005001700009008003200026020001600058040002200074082003100096100003800127245014600165260004700311300003000358500007400388650004700462650005600509651005400565700004300619700003300662DO-SdBNP20240313133010.0171115b1997 sp ||| 00| 0 spa d a8482130536  aBPMSUbspacBPMSU 4a305.230946bP798g 19972221 aPons Prades, Eduardo,d1920-2007 10aLas guerras de los niños republicanos (1936-1995) / cEduardo Pons Prades ; prólogo de Eduardo Haro Tecglen ; epilogo de Paco Lobatón. aMadrid : bCompañía Literaria, c1997. a557 p. : bil. ;c21 cm.  aIncluye referencias bibliográficas y notas al pie de las páginas  4aNiños y violencia zEspañay1936-1995. 4aNiños y guerra zEspaña xRelatos personalesy  4aEspaña xHistoria yGuerra civil, 1936-1939.e 1 aHaro Tecglen, Eduardo,d1924-epról.1 aLobatón, Pacoe epílogo